<?xml version="1.0" encoding="UTF-8"?>
<collection xmlns="http://www.loc.gov/MARC21/slim">
 <record>
  <leader>     na                 </leader>
  <controlfield tag="001">INLIS000000001164391</controlfield>
  <controlfield tag="005">20240813011331</controlfield>
  <datafield tag="035" ind1=" " ind2=" ">
   <subfield code="a">0010-0824000213</subfield>
  </datafield>
  <controlfield tag="007">ta</controlfield>
  <controlfield tag="008">240813                g          0 ind  </controlfield>
  <datafield tag="020" ind1=" " ind2=" ">
   <subfield code="a">978-623-321-187-1</subfield>
  </datafield>
  <datafield tag="082" ind1=" " ind2=" ">
   <subfield code="a">305.8</subfield>
  </datafield>
  <datafield tag="084" ind1=" " ind2=" ">
   <subfield code="a">SR 305.8 ELV m</subfield>
  </datafield>
  <datafield tag="100" ind1="0" ind2=" ">
   <subfield code="a">Elvira Rumkabu</subfield>
   <subfield code="e">penulis</subfield>
  </datafield>
  <datafield tag="245" ind1="1" ind2=" ">
   <subfield code="a">Merebut kendali kehidupan :</subfield>
   <subfield code="b">perjuangan orang Wambon di Boven Digoel menghadapi serbuan investasi /</subfield>
   <subfield code="c">Elvira Rumkabu, Apriani Anastasia Amenes, Asrida Elisabeth, I Ngurah Suryawan</subfield>
  </datafield>
  <datafield tag="250" ind1=" " ind2=" ">
   <subfield code="a">Cetakan pertama, Februari 2023</subfield>
  </datafield>
  <datafield tag="300" ind1=" " ind2=" ">
   <subfield code="a">xliv, 212 halaman :</subfield>
   <subfield code="b">Ilustrasi ;</subfield>
   <subfield code="c">21 cm</subfield>
  </datafield>
  <datafield tag="650" ind1=" " ind2="4">
   <subfield code="a">Etnologi</subfield>
  </datafield>
  <datafield tag="700" ind1="0" ind2=" ">
   <subfield code="a">Apriani Anastasia Amenes</subfield>
   <subfield code="e">penulis</subfield>
  </datafield>
  <datafield tag="700" ind1="0" ind2=" ">
   <subfield code="a">Asrida Elisabeth</subfield>
   <subfield code="e">penulis</subfield>
  </datafield>
  <datafield tag="700" ind1="0" ind2=" ">
   <subfield code="a">I Ngurah Suryawan</subfield>
   <subfield code="e">penulis</subfield>
  </datafield>
  <datafield tag="504" ind1=" " ind2=" ">
   <subfield code="a">Bibliografi : halaman 189</subfield>
  </datafield>
  <datafield tag="520" ind1=" " ind2=" ">
   <subfield code="a">Buku ini memuat khasanah pustaka tentang keberadaan Orang Asli Papua di daerah selatan Papua, khususnya Suku Wambon di Kampung Aiwat, yang secara administrasi pemerintahan dan politik berada di daerah 'frontier', daerah yang kaya dan menjadi rebutan, sasaran perluasan modal oleh korporasi transnasional maupun kelembagaan ekonomi penduduk migran semenjak zaman kolonial Belanda dan &quot;zaman terang&quot;, yang mengendalikan sistem sosial ekonomi dan memporak-porandakan struktur sosial masyarakat di kampung. Kajian ini menyajikan secara lengkap situasi etnografi dan hubungan Suku Wambon dengan tanah dan hutan, situasi yang berubah, disharmoni dan perpecahan antara kelompok masyarakat, kebijakan dan pemaksaan yang mengeksklusi mereka, kontradiktif dengan amanat Undang Undang Otonomi Khusus Papua yang melindungi hak masyarakat adat. Terpapar konflik sosial yang tidak adil membuat kesadaran kritis masyarakat adat di Kampung Aiwat untuk melawan 'resistensi tiap hari dan mengembangkan prakarsa dalam berbagai bentuk aksi dan praktik. Membentuk kelompok usaha, penancapan salib berwarna merah, menghadiri pertemuan negosiasi, berjejaring dengan organisasi masyarakat sipil dan gereja.</subfield>
  </datafield>
  <datafield tag="264" ind1=" " ind2=" ">
   <subfield code="a">Jakarta :</subfield>
   <subfield code="b">Yayasan Pustaka Obor Indonesia,</subfield>
   <subfield code="c">2023</subfield>
  </datafield>
  <datafield tag="336" ind1=" " ind2=" ">
   <subfield code="2">rdacontent</subfield>
   <subfield code="a">Teks</subfield>
  </datafield>
  <datafield tag="337" ind1=" " ind2=" ">
   <subfield code="2">rdamedia</subfield>
   <subfield code="a">Tanpa perantara</subfield>
  </datafield>
  <datafield tag="338" ind1=" " ind2=" ">
   <subfield code="2">rdacarrier</subfield>
   <subfield code="a">Volume</subfield>
  </datafield>
  <datafield tag="990" ind1=" " ind2=" ">
   <subfield code="a">53868.66688</subfield>
  </datafield>
  <datafield tag="990" ind1=" " ind2=" ">
   <subfield code="a">53869.66689</subfield>
  </datafield>
 </record>
</collection>
